000 00561nam a2200121Ia 4500
008 171212s9999 xx 000 0 und d
020 _a9780833049094
100 _aLandree, Eric;Silberglitt, Richard;Chow, Brian G.;Sherry, Lance;Tseng, Michael S.
245 _cLandree, Eric;Silberglitt, Richard;Chow, Brian G.;Sherry, Lance;Tseng, Michael S.
_aA Delicate Balance
_bPortfolio Analysis and Management for Intelligence Information Dissemination Programs
260 _bRAND Corporation
_c2009
650 _aBusiness
856 _uwww.jstor.org/stable/10.7249/mg939nsa
999 _c351643
_d351643